The answer is a square number - Statistics

General Stats
  • This quiz has been taken 65 times
  • The average score is 6 of 10
Answer Stats
Hint Answer % Correct
Written as "C" in roman numerals 100
89%
Atomic number of hydrogen 1
74%
Squares on a chess board 64
66%
Number of the last French King before the Révolution 16
63%
Associated with bad luck in east asian cultures, due to it's pronunciation being close to the word "death" 4
60%
Squares in a sudoku grid 81
60%
Circles of Hell in Dante's Inferno 9
49%
Number in a famous Bay Area football franchise's name 49
40%
Views of Mount Fuji in a series of prints by japanese artist Hokusai 36
31%
FPS (Frames Per Second) in the PAL video standard 25
23%
No matching quizzes found
Score Distribution
Percent of People with Each Score
Percentile by Number Answered
Your Score History
You have not taken this quiz